000 00681nas a2200217 454500
001 4099
005 20260407193504.0
008 260407s2006####ag###########|||spa#d
003 AR-UNSa-BCEJYS
040 _aAR-UNSa-BCEJYS
_bspa
_cAR-UNSa-BCEJYS
080 _a658
_xAdministración de empresas. Organización comercial
245 1 0 _aBook Summary
264 1 _aBuenos Aires :
_bHSM Argentina
_c2006
310 _aPeriocidad: Anual
942 _cSER
590 _aniveau_biblio:s niveau_hierar:1
650 _aMarketing
650 _a6.25 Economía
650 _aLiderazgo
856 4 1 _uhttps://biblioeco.unsa.edu.ar/pmb/images/revistas/Book Summ4ry.jpg
_yImagen de portada
_qimage/jpeg
999 _c8402
_d8402